000 00325 a2200145 4500
001 148703
040 _cEscola São Tomás de Aquino
100 _aBORGES, Rogério
240 1 0 _aGanga Zumba
_lpor
245 1 0 _aGanga Zumba
362 0 _a2012
440 1 _aEditora do Brasil
697 _a*LITERATURA INFANTO
942 _cBK
999 _c148703
_d148703